[Event "Liptovsky Mikulas CupT U20"]
[Site "Liptovsky Mikulas"]
[Date "2017.06.24"]
[Round "6.2"]
[White "Sobelga, Lukasz"]
[Black "Holly, Andrej"]
[Result "1/2-1/2"]
[WhiteElo "1459"]
[BlackElo "1817"]
[PlyCount "103"]
[EventDate "2017.06.21"]
[EventType "team-swiss"]
[EventRounds "8"]
[EventCountry "SVK"]
[SourceTitle "CBM 179 Extra"]
[Source "ChessBase"]
[SourceDate "2017.08.23"]
[SourceVersion "1"]
[SourceVersionDate "2017.08.23"]
[SourceQuality "1"]
[WhiteTeam "Krakow Wisla"]
[BlackTeam "Liptov Chess School"]
[WhiteTeamCountry "POL"]
[BlackTeamCountry "SVK"]

1. e4 c5 2. Nf3 Nc6 3. c3 e6 4. Bb5 Nge7 5. 0-0 a6 6. Ba4 b5 7. Bc2 Bb7 8. d4 cxd4 9. Nxd4 Ng6 10. Be3 d5 11. Re1 Na5 12. Nd2 Ne5 13. Bf4 Nec4 14. Nxc4 Nxc4 15. exd5 Bxd5 16. Be4 Bxe4 17. Rxe4 Qd5 18. Qe2 Nd6 19. Nxe6 fxe6 20. Rxe6+ Kf7 21. Re5 Qc4 22. Qf3 Be7 23. Rxe7+ Kxe7 24. Re1+ Kd7 25. Rd1 Rhe8 26. Qg4+ Ke7 27. Bxd6+ Kf7 28. Qxc4+ bxc4 29. Ba3 Rad8 30. Rf1 Rd2 31. g3 Ree2 32. Kg2 a5 33. Kf3 a4 34. h4 Ke6 35. g4 h6 36. Kg3 Ke5 37. h5 Rxb2 38. Bxb2 Rxb2 39. Rc1 Rxa2 40. f3 Kf6 41. Kf4 a3 42. Ke4 Rd2 43. Ra1 a2 44. Ke3 Rb2 45. f4 Rg2 46. Kf3 Rc2 47. Ke4 Ke6 48. Kd4 Rg2 49. g5 hxg5 50. fxg5 Rg4+ 51. Kc5 Rxg5+ 52. Kxc4 1/2-1/2

[Event "Liptovsky Mikulas CupT U20"]
[Site "Liptovsky Mikulas"]
[Date "2017.06.23"]
[Round "4.2"]
[White "Sobelga, Lukasz"]
[Black "Golda, Sebastian"]
[Result "0-1"]
[WhiteElo "1459"]
[BlackElo "1997"]
[PlyCount "80"]
[EventDate "2017.06.21"]
[EventType "team-swiss"]
[EventRounds "8"]
[EventCountry "SVK"]
[SourceTitle "CBM 179 Extra"]
[Source "ChessBase"]
[SourceDate "2017.08.23"]
[SourceVersion "1"]
[SourceVersionDate "2017.08.23"]
[SourceQuality "1"]
[WhiteTeam "Krakow Wisla"]
[BlackTeam "Krakow CC"]
[WhiteTeamCountry "POL"]
[BlackTeamCountry "POL"]

1. e4 c5 2. Nf3 d6 3. Bb5+ Nc6 4. c3 Bd7 5. 0-0 Nf6 6. Re1 e6 7. d4 cxd4 8. cxd4 Be7 9. Nc3 0-0 10. d5 Ne5 11. Nxe5 Bxb5 12. Nxb5 a6 13. Ng4 axb5 14. Nxf6+ Bxf6 15. Qb3 Qa5 16. Bf4 e5 17. Be3 Rfc8 18. a3 Rc4 19. Qd3 Rac8 20. Rec1 Rxc1+ 21. Rxc1 Rxc1+ 22. Bxc1 Qe1+ 23. Qf1 Qxe4 24. Qxb5 h6 25. Kf1 Qb1 26. g3 Qxc1+ 27. Kg2 Qc7 28. a4 Bd8 29. h3 g6 30. a5 Qxa5 31. Qxb7 Qb6 32. Qa8 Kg7 33. b4 Bg5 34. Qa4 Bd2 35. Qa2 Bxb4 36. f4 Bc3 37. Qc4 Qd4 38. Qb3 Qe4+ 39. Kf1 Qf3+ 40. Kg1 Bd4+ 0-1

[Event "Liptovsky Mikulas CupT U20"]
[Site "Liptovsky Mikulas"]
[Date "2017.06.22"]
[Round "2.2"]
[White "Sobelga, Lukasz"]
[Black "Bielik, Jakub"]
[Result "0-1"]
[WhiteElo "1459"]
[BlackElo "1879"]
[PlyCount "104"]
[EventDate "2017.06.21"]
[EventType "team-swiss"]
[EventRounds "8"]
[EventCountry "SVK"]
[SourceTitle "CBM 179 Extra"]
[Source "ChessBase"]
[SourceDate "2017.08.23"]
[SourceVersion "1"]
[SourceVersionDate "2017.08.23"]
[SourceQuality "1"]
[WhiteTeam "Krakow Wisla"]
[BlackTeam "Povazie RSA"]
[WhiteTeamCountry "POL"]
[BlackTeamCountry "SVK"]

1. e4 e6 2. d4 d5 3. exd5 exd5 4. Bd3 Nc6 5. Nf3 Bg4 6. Be3 Nf6 7. c3 Qd7 8. 0-0 Be7 9. Nbd2 Bh5 10. Qb3 0-0 11. Bb5 Bd6 12. Bg5 Ne4 13. c4 Nxd2 14. Bxd2 Qf5 15. c5 Bxf3 16. Bxc6 bxc6 17. cxd6 Bh5 18. dxc7 Rfc8 19. Ba5 Qf6 20. Qb4 Qg6 21. Qc3 Qf6 22. Rac1 Qg5 23. Rfe1 f5 24. Qg3 Qf6 25. Qe5 Qg5 26. Rxc6 Bf7 27. g3 Qh5 28. Rd6 Qg5 29. Qe7 Qxe7 30. Rxe7 Kf8 31. Rd8+ Kxe7 32. Rxc8 Rxc8 33. Kg2 Kd7 34. Kf3 g5 35. h4 h6 36. hxg5 hxg5 37. Ke3 Bh5 38. Kd2 Re8 39. Kc3 Re2 40. f4 Re3+ 41. Kb4 Rxg3 42. fxg5 Rxg5 43. Kb5 Be2+ 44. Kc5 f4 45. Bd2 Rf5 46. Be1 Kxc7 47. b4 Bc4 48. a4 f3 49. Bf2 Rh5 50. b5 Kb7 51. a5 a6 52. bxa6+ Kxa6 0-1